Sports Quiz

Random Sports or NCAA Quiz

Fred Biletnikoff Award Winners Quiz Stats

 Plays Quiz not verified by Sporcle

Challenge
Share
Tweet
Embed
Score 0/17 Timer 07:00
0 Plays Today
Year Wide Receiver % Correct
2003Larry Fitzgerald
96.3%
2006Calvin Johnson
96.3%
2007Michael Crabtree
92.5%
2008Michael Crabtree
92.5%
1997Randy Moss
90.7%
2004Braylon Edwards
76.6%
1998Troy Edwards
75.7%
2010Justin Blackmon
70.1%
2002Charles Rogers
67.3%
Year Wide Receiver % Correct
2009Golden Tate
65.4%
2000Antonio Bryant
60.7%
1995Terry Glenn
39.3%
1994Bobby Engram
30.8%
2005Mike Hass
20.6%
2001Josh Reed
18.7%
1996Marcus Harris
14%
1999Troy Walters
14%

You're not logged in!

Compare scores with friends on all Sporcle quizzes.
Join for Free
OR
Log In

You Might Also Like...

Show Comments

Extras

Top Quizzes Today


Score Distribution

Your Account Isn't Verified!

In order to create a playlist on Sporcle, you need to verify the email address you used during registration. Go to your Sporcle Settings to finish the process.

Report this User

Report this user for behavior that violates our Community Guidelines.

Details: